| 000 | 01181cam a2200277Ia 4500 | ||
|---|---|---|---|
| 001 | standweatlast00fair | ||
| 003 | CaSfIA | ||
| 005 | 20210119084134.0 | ||
| 007 | cr|||| | ||
| 008 | 840228t19841983nyu 000 1 eng d | ||
| 010 | _a 82015624 | ||
| 040 |
_aJBL _cJBL _dBTCTA _dBAKER _dVVW _dCaSfIA |
||
| 020 |
_a0380655659 : _c$3.95 |
||
| 020 | _a9780380655656 | ||
| 035 | _a(OCoLC)10469167 | ||
| 050 | 0 | 0 |
_aPR6056.A48 _bS7 1983 |
| 100 | 1 | _aFairbairns, Zoë. | |
| 245 | 1 | 0 |
_aStand we at last / _h[electronic resource] _cZoë Fairbairns. |
| 260 |
_aNew York : _bAvon, _c1984, c1983. |
||
| 300 |
_a609 p. ; _c18 cm. |
||
| 856 | 4 | 1 |
_uhttp://www.archive.org/details/standweatlast00fair _zFree eBook from the Internet Archive |
| 856 | 4 | 2 |
_uhttp://www.openlibrary.org/books/OL24238750M _zAdditional information and access via Open Library |
| 942 | _cEB | ||
| 506 | _fНеобхідна авторизація на https://archive.org/ (створення облікового запису безкоштовно) | ||
| 506 | _fНеобхідна авторизація на https://openlibrary.org/ (створення облікового запису безкоштовно) | ||
| 999 |
_c551911 _d551911 |
||